000 00668nam a2200241Ia 4500
003 OSt
005 20220923220147.0
006 a|||||r|||| 00| 0
007 ta
008 220922b |||||||| |||| 00| 0 hin d
024 _a184,679
037 _cTextual
040 _aARTS
_cARTS
_bhin
041 _2hin
_ahin
082 _aO152,1NRIx, M7
100 _aऋतुराज
245 0 _aसुरत निरत
246 _aSurat nirata
260 _aजयपुर
_b पंचशील प्रकाशन
_c1987
300 _a112 पृ.
_ccm.
942 _hO152,1NRIx, M7
_cTEXL
_2CC
999 _c337963
_d337963